Botany for degree students: (Record no. 127946)
[ view plain ]
| 000 -LEADER | |
|---|---|
| fixed length control field | 00831nam a2200313Ia 4500 |
| 003 - CONTROL NUMBER IDENTIFIER | |
| control field | OSt |
| 005 - DATE AND TIME OF LATEST TRANSACTION | |
| control field | 20230225091354.0 |
| 008 - FIXED-LENGTH DATA ELEMENTS--GENERAL INFORMATION | |
| fixed length control field | 210210b1992 xxu||||| |||| 00| 0 eng d |
| 020 ## - INTERNATIONAL STANDARD BOOK NUMBER | |
| International Standard Book Number | 8121901693 |
| 040 ## - CATALOGING SOURCE | |
| Transcribing agency | AL |
| 041 ## - LANGUAGE CODE | |
| Language code of text/sound track or separate title | eng |
| 082 ## - DEWEY DECIMAL CLASSIFICATION NUMBER | |
| Classification number | 580/281 |
| Item number | VASB |
| 100 ## - MAIN ENTRY--PERSONAL NAME | |
| Personal name | P C Vashishta |
| 9 (RLIN) | 34057 |
| 245 ## - TITLE STATEMENT | |
| Title | Botany for degree students: |
| Remainder of title | Gymnosperms Vol V |
| 250 ## - EDITION STATEMENT | |
| Edition statement | 2 |
| 260 ## - PUBLICATION, DISTRIBUTION, ETC. | |
| Place of publication, distribution, etc. | New Delhi |
| Name of publisher, distributor, etc. | S. Chand & Co. Ltd. |
| Date of publication, distribution, etc. | 1992 |
| 300 ## - PHYSICAL DESCRIPTION | |
| Extent | viii,490 |
| Other physical details | PB |
| Dimensions | 21x13cm. |
| 365 ## - TRADE PRICE | |
| Source of price type code | Botany |
| Price amount | 45.00 |
| Currency code | ₹ |
| Unit of pricing | 45.00 |
| 440 ## - SERIES STATEMENT/ADDED ENTRY--TITLE | |
| 9 (RLIN) | 73291 |
| Name of part/section of a work | Vol.5 |
| 650 ## - SUBJECT ADDED ENTRY--TOPICAL TERM | |
| Topical term or geographic name entry element | Cycadopsida |
| 9 (RLIN) | 73285 |
| 650 ## - SUBJECT ADDED ENTRY--TOPICAL TERM | |
| Topical term or geographic name entry element | Bennettitales |
| 9 (RLIN) | 73286 |
| 650 ## - SUBJECT ADDED ENTRY--TOPICAL TERM | |
| Topical term or geographic name entry element | Pentoxylales |
| 9 (RLIN) | 73287 |
| 650 ## - SUBJECT ADDED ENTRY--TOPICAL TERM | |
| Topical term or geographic name entry element | Cycadales |
| 9 (RLIN) | 73288 |
| 650 ## - SUBJECT ADDED ENTRY--TOPICAL TERM | |
| Topical term or geographic name entry element | Confiferopsida |
| 9 (RLIN) | 73289 |
| 690 ## - LOCAL SUBJECT ADDED ENTRY--TOPICAL TERM (OCLC, RLIN) | |
| Topical term or geographic name as entry element | Botany |
| 9 (RLIN) | 34065 |
| 700 ## - ADDED ENTRY--PERSONAL NAME | |
| Personal name | VASHISHTA (P C) |
| 9 (RLIN) | 73290 |
| 906 ## - LOCAL DATA ELEMENT F, LDF (RLIN) | |
| a | 047076 |
| 942 ## - ADDED ENTRY ELEMENTS (KOHA) | |
| Source of classification or shelving scheme | Dewey Decimal Classification |
| Koha item type | Book |
| Withdrawn status | Lost status | Source of classification or shelving scheme | Damaged status | Not for loan | Collection code | Home library | Current library | Shelving location | Date acquired | Cost, normal purchase price | Total Checkouts | Full call number | Barcode | Date last seen | Price effective from | Koha item type |
|---|---|---|---|---|---|---|---|---|---|---|---|---|---|---|---|---|
| Dewey Decimal Classification | Botany | St Aloysius Library | St Aloysius Library | UGC Book Bank | 02/17/2021 | 45.00 | 580/281 VASB | 047076 | 02/17/2021 | 02/17/2021 | Book | |||||
| Dewey Decimal Classification | Botany | St Aloysius Library | St Aloysius Library | UGC Book Bank | 02/17/2021 | 45.00 | 580/282 VASB | 047077 | 02/17/2021 | 02/17/2021 | Book | |||||
| Dewey Decimal Classification | Botany | St Aloysius Library | St Aloysius Library | UGC Book Bank | 02/17/2021 | 45.00 | 580/283 VASB | 047078 | 02/17/2021 | 02/17/2021 | Book | |||||
| Dewey Decimal Classification | Botany | St Aloysius Library | St Aloysius Library | UGC Book Bank | 02/17/2021 | 45.00 | 580/284 VASB | 047079 | 02/17/2021 | 02/17/2021 | Book | |||||
| Dewey Decimal Classification | Botany | St Aloysius Library | St Aloysius Library | UGC Book Bank | 02/17/2021 | 45.00 | 580/285 VASB | 047080 | 02/17/2021 | 02/17/2021 | Book | |||||
| Dewey Decimal Classification | Botany | St Aloysius Library | St Aloysius Library | UGC Book Bank | 02/17/2021 | 580/239 VASB | 036592 | 02/25/2023 | 02/25/2023 | Book |